Normal view
MARC view
Entry Personal Name
001 - CONTROL NUMBER
- control field: 20862
003 - CONTROL NUMBER IDENTIFIER
- control field: ARRUPE
005 - DATE AND TIME OF LATEST TRANSACTION
- control field: 20151104092403.0
008 - FIXED-LENGTH DATA ELEMENTS
- fixed length control field: 151104|| aca||aabn | a|a d
040 ## - CATALOGING SOURCE
- Original cataloging agency: ARRUPE
- Transcribing agency: ARRUPE
100 ## - HEADING--PERSONAL NAME
- Personal name: Shannon, William Henry,
- Dates associated with a name: 1917-
670 ## - SOURCE DATA FOUND
- Source citation: Work cat.: (ARRUPE)0: Merton, Thomas, 1915-1968. 7952, The inner experience :, 1983